Statistiques concernant Les noms de Mammifères par lettres -I/J

Cliquez ici pour prendre le quiz!

Statistiques générales

  • Ce quiz a été pris 46 fois
  • Le résultat moyen est 2 sur 6

Statistiques - réponses

Réponse% Correct
Jaguar
96%
Impala
56%
Isard
27%
Ibex
22%
Jaguarondi
20%
Indri
16%

Distribution des résultats

Percentile par nombre de réponses

% des personnes avec chaque résultat

Votre développement - résultats

Vous n’avez pas pris ce quiz